000 00708nam a22002057a 4500
005 20251108164251.0
008 250721s1996 xx 000 0 ara d
082 1 4 _a329.94/دال
100 1 _aدالتون، رسل جيه
245 1 0 _aدور المواطن السياسي في الديموقراطيات الغربية :
_bالرأي العام ... /
264 1 _aعمان :
_bدار البشير،
_c1996.
300 _a296ص.
650 1 7 _aالأحزاب السياسية
650 1 7 _aأوروبا
650 1 7 _aالديمقراطية
700 1 _aالمجدوبة، أحمد يعقوب
_eترجمة
700 1 _aالجبوري، محفوظ
_eترجمة
942 _2ddc
_cBK
999 _c7921
_d7921